| 000 | 00936nam a22002537a 4500 | ||
|---|---|---|---|
| 003 | dpl | ||
| 005 | 20240321112110.0 | ||
| 008 | 231206b |||||||| |||| 00| 0 eng d | ||
| 010 | _aB-756565-569 ENG-139849 | ||
| 020 |
_a9789392958021 _c795.00 |
||
| 035 | _aB-756565-569 | ||
| 035 | _aEN-123381 | ||
| 037 | _bSynergy Book India | ||
| 040 | _c0 | ||
| 082 | _a020 | ||
| 100 | _4Ashraf, Tariq | ||
| 245 |
_aA Textbook of Information Sources and Services/ _cTariq Ashraf and Shehbaz Husain Naqvi |
||
| 260 |
_aNew Delhi _bSynergy Book India _c2023 |
||
| 270 |
_a24/4800 Ansari Road, Darya Ganj, _bNew Delhi _e110002 |
||
| 300 |
_axi, 331p. _c22cm(pbk) |
||
| 700 | _4Naqvi, Shahbaz Husain | ||
| 942 |
_2ddc _cEN _mASH _h020 |
||
| 999 |
_c199492 _d199492 |
||